Spanish or Italian? - Statistics

General Stats
  • This quiz has been taken 29 times
  • The average score is 15 of 20
Answer Stats
Hint Explanation Answer % Correct
huevo egg (Italian - uovo) Spanish
92%
pomodoro tomato (Spanish - tomate) Italian
88%
seguro insurance (Italian - assicurazione) Spanish
88%
spalla shoulder (Spanish - hombro) Italian
83%
dietro behind (Spanish - detrás) Italian
83%
perché because (Spanish - porque) Italian
83%
abuelo grandfather (Italian - nonno) Spanish
83%
habitación room (Italian - camera) Spanish
83%
hoy today (Italian - oggi) Spanish
79%
estrella star (Italian - stella) Spanish
79%
quello that one (Spanish - aquel) Italian
75%
nazione nation (Spanish - nación) Italian
75%
once eleven (Italian - undici) Spanish
75%
sempre always (Spanish - siempre) Italian
71%
gafas glasses (Italian - occhiali) Spanish
71%
nero black (Spanish - negro) Italian
67%
avergonzado embarrassed (Italian - imbarazzato) Spanish
63%
estremo extreme (Spanish - extremo) Italian
58%
deprisa quickly (Spanish - rápidamente) Italian
50%
gris gray (Italian - grigio) Spanish
50%
No matching quizzes found
Score Distribution
Percent of People with Each Score
Percentile by Number Answered
Your Score History
You have not taken this quiz